000 00907nam2a22002411 4500
001 RU\NLR\Per\1070549
005 20250614060824.0
035 _a(NLR Aleph) 010494716
090 _a10114057
_c10114057
100 _a20141006d2014 |||y0rusy50 ca
101 0 _arus
102 _aRU
105 _ay ||||000|y
200 0 _a2014, № 5 (136)
210 _d2014
_aБ. м.
461 0 _1001RU\NLR\INFOCOMM19\5000027185
_12001#$aЭлектроника: наука, технология, бизнес$fУчредитель: АО "Золотой шар"$v2014, № 5 (136)
_91907595
_cМ.
_d1996 -
_fУчредитель: АО "Золотой шар"
_tЭлектроника: наука, технология, бизнес
_x1992-4178
_v2014, № 5 (136)
801 1 _aRU
_bInfoComm
_c20050202
801 0 _aRU
_bNLR
_gPSBO
852 _aNLR
_jП11/3931
942 _cISSUE
980 _aNB
980 _aRUSPER